000 00443nam a2200181Ia 4500
003 OSt
005 20220901102206.0
008 210210b1928 xxu||||| |||| 00| 0 eng d
040 _cAL
041 _aeng
082 _a425/275
100 _aSMITH (E)
_956291
245 _aEssay writing, rhetoric and prosody
260 _aLondon
_bOxford University Press
_c1928
690 _aEnglish Language
_956294
906 _a006051
942 _2ddc
_cBK
999 _c129085
_d129085